actors on different shows - Statistics

General Stats
  • This quiz has been taken 16 times
  • The average score is 31 of 84
Answer Stats
shows Role Actor % Correct
Shake it up, Kc Undercover, Famous in Love Paige Townsen, Cece Jones, Jolie Bella Thorne
100%
H2o just add water, vampire diaries, pretty little liars Emma, Rebekah, Samara Claire Holt
100%
Suite life on deck, riverdale Cody?, Jughead Jones Cole Sprouse
100%
Picket fences, Charmed, Pretty little liars Piper Halliwell, Ella montgomery Holly Marie Combs
100%
House, The Night Manager Gregory House, Richard Onslow Hugh Laurie
100%
The Vampire Diaries, Lost, V-Wars Damon, Boone, Luther Ian Somerhalder
100%
How i met your mother, Life sentence, Riverdale, Pretty Little Liars Katie, Stella, Katy Keene, Aria Lucy Hale
100%
Game of thrones, Doctor who ashildr, Arya stark Maisie williams
100%
The OC, The Vampire Diaries, Tell me a story Stefan Salvatore Paul Wesley
100%
H2o Just add water, The Originals, the Secret Circle Cleo, Hayley Marshall Phoebe Tonkin
100%
Charmed, Once upon a time Paige Matthews, young Cora Rose McGowan
100%
Chilling adventures of sabrina, Austin and Ally Austin Moon, Harvey Kinkle Ross Lynch
100%
Greys Anatomy, Killing eve, the chair Cristina Yang, Eve Polastri Sandra Oh
100%
Wizards of waverly place, only murders in the building Alex Russo, Mabel Mora Selena Gomez
100%
You, Pretty Little Liars Peach, Emily Shay Mitchell
100%
The Vampire Diaries, Pretty Little Liars, Chicago Med Meredith, Melissa, Natalie Torrey DeVitto
100%
KC Undercover, Euphoria, Shake It up KC Cooper, Rue, Rocky Blue Zendaya
100%
The Vampire Diaries, Pretty Little Liars Emily Bennett, Maya St Germain Bianca lawson
83%
True Blood, The Originals Elijah Daniel Gillies
83%
Mad Men, The Handmaids tale Peggy Olson, June Offred Elisabeth Moss
83%
Bates Motel, The Good Doctor Norman Bates, Shaun Murphy Freddie Highmore
83%
Chicago Med, Pretty Little liars Philip, Ezra Fitz Ian Harding
83%
Chicago Fire, House Matthew Casey, Robert Chase Jesse Spencer
83%
The White Princess, Thirteen, Killing eve Elizabeth of york, Villanelle Jodie Comer
83%
How i met your mother, it's a sin, a series of unfortunate events Barney Stinson, Count Olaf Neil Patrick Harris
83%
Pretty Little Liars, The Good Doctor MarcoFurey, Neil Melendez nicholas Gonzalez
83%
Clarice, The Originals, Pretty Little Liars Clarice, Aurora, Nicole Rebecca Breeds
83%
American Horror story, Scream Queens multiple, chanel oberlin Emma Roberts
67%
Baptiste, True Blood, Killing eve Marnie, Carolyn Martens Fiona Shaw
67%
How i Met your mother, this is us, once upon a time, house Zoey, Cassidy, Emma, Cameron Jennifer Morrison
67%
izombie, The Vampire Diaries, Once upon a time, Alias Blaine, John, dr whale David Anders
50%
The Vampire Diaries, Designated survivor, the handmaids tale Young Caroline, Penny Kirkmaqn Mckenna Grace
50%
The 100, Lost, Macgyver Marcus Kane, Desmond Hume, Russ Taylor Henry Ian Cusick
33%
The 100, Fear the walking dead Lexa, Alicia Clark Alycia Debnam Carey
17%
Patrick Melrose, Sherlock Patrick Melrose, Sherlock Holmes Benedict Cumberbatch
17%
Doctor who, jessica jones, good omens, Broadchurch 10th doctor, Alec Hardy, Kilgrave, Crowley David Tennant
17%
Once upon a time, why women kill, Big love Snow white/ mary m,Margene Heffman Ginnifer Goodwin
17%
Mad Men, Chilling adventures of sabrina Sally Draper, Sabrina Spellman Kiernan Shipka
17%
Glee, Scream Queens Rachel Berry, Hester Lea Michele
17%
Downton abbey, A Discovery of witches, The Crown Henry Talbot, Matthew Clairmont, Anthony armstrong jones Earl of Snowdon Matthew Goode
17%
Fringe, Covert affairs, Once upon a time Jessica Holt, Franka, Zelena Rebecca Mader
17%
Once upon a time, Ghosts, izombie Tinkerbell,sam, Liv Rose McIver
17%
Timeless, The 100, Once upon a time Ian fleming, Russell Lightborne, Robin Hood Sean Maguire
17%
Arrow ,Heels, Pretty Little liars Oliver queen, Eric Kahn Stephen Amell
17%
The 100, Chilling adventures of sabrina Gaia, Prudence Tati Gabrielle
17%
Miranda, Lucifer, Crisis on infinite earths Gary, Lucifer Morningstar Tom Ellis
17%
Once upon a time, Teen wolf, Reign Drizella, Mary Adelaide Kane
0%
True Blood, the 100 Lettie mae Thornton, Indra Adina Porter
0%
True Blood, The Stand, Little Drummer girl Eric Northman, Randall Flag, Gadi Becker Alexander Skarsgard
0%
Doctor who, A Discovery of witches River song, Sarah Bishop Alex Kingston
0%
izombie, Macgyver Peyton Charles.Frankie Aly Michalka
0%
Doctor who, Broadchurch, Legends of Tomorrow Rory Williams, Rip Hunter, Reverend Paul Coates Arthur Darvill
0%
outlander, Good Omens Ned Gowan,RP Tyler Bill Paterson
0%
Supergirl, the 100 Lillian Luthor, Queen Nia Brenda strong
0%
Greys Anatomy, Supergirl Lexie grey, Alex danvers Chyler Leigh
0%
Reign, The Bold Type James stuart, Ryan Pinstripe Dan Jeannotte
0%
The Flash, Macgyver Abra-kadabra, Murdoc David Dastmalchian
0%
Grimm, Superman and lois, Supergirl Juliette, Lois Elizabeth Tulloch
0%
Glee, Shadowhunters mike Chang, Magnus Bane Harry Schum
0%
Designated Survivor, Supergirl Siobhan Smythe, Emily Rhodes Italia Ricci
0%
The Good Doctor, Frine Carly, Astrid Farnsworth Jasika Nicole
0%
waterloo road, the serpent, victoria, doctor who Victoria, Clara Oswald Jenna Coleman
0%
Black Mirror, Doctor who, Broadchurch 13th doctor, Ffion, Beth Latimer Jodie Whittaker
0%
Torchwood, The Flash, Doctor who Jack harkness, Malcolm Merlyn John Barrowman
0%
Fringe, Legends of Tomorrow, elementary Walter Bishop, Himself and mallus, Morland Holmes John Noble
0%
Little big fires, Dawson's Creek, Fringe Pacey, Bill Richardson, Peter Bishop Joshua Jackson
0%
Arrow, The Stand, Shadowhunters Mia Smoak, Clary Fray Katherine McNamara
0%
Merlin, Supergirl Morgana, Lena luthor Katie McGrath
0%
The White Princess, Downton Abbey Maggie Pole, Lady Edith Crawley Laura Carmichael
0%
Chicago Fire, Lucifer, Hawaii five-o Leslie shay, Chloe Decker Lauren German
0%
The Originals, Legends of Tomorrow Eva, Rebekah, Amaya, Charlie Maisie Richardson sellers
0%
Doctor who, Sherlock Mycroft and writer with roles Mark Gatiss
0%
Doctor who, the crown 11th doctor, Prince philip Matt Smith
0%
Chicago Fire, The Bold type Nicki Rutkowski, Sutton Brady Meghann Fahy
0%
Glee, Supergirl, The Flash Marley Rose, Kara Danvers Melissa Benoist
0%
Good Omens, Prodigal son Aziraphale Michael Sheen
0%
The 100, Arrow, Legends of Tomorrow, Van Helsing Damien Darhk,Hansen, Anders Neal Mcdonough
0%
outlander, Victoria Laoghaire, Nancy Skerrett Nell Hudson
0%
once upon a time, Macgyver, New Amsterdam Archie,Ralph, Dane Raphael Sbarge
0%
The Bold type, Gossip Girl, Unbreakable kimmy schmidt Richard Hunter, Colin Forrester,Keith Habersohl Sam Page
0%
The Crown, The Terror, Outlander Prince Philip, Frank, Black jack randall Tobias Menzies
0%
The Vampire Diaries, Hawaii five-o, Macgyver Sarah Nelson, Riley Davis Tristin Davis
0%
Legends of Tomorrow, The Flash, Alias Martin Stein Victor Garber
0%
Chicago fire, Chicago Med, House April, Anita Yaya Dacosta
0%
No matching quizzes found
Score Distribution
Percent of People with Each Score
Percentile by Number Answered
Your Score History
You have not taken this quiz